The Only NFL Team... - Statistics

General Stats
  • This quiz has been taken 28 times
  • The average score is 18 of 32
Answer Stats
Hint Answer % Correct
With a primary logo facing to the left Philadelphia Eagles
100%
That does not display a logo on their helmets Cleveland Browns
80%
With Honolulu Blue as their primary color Detroit Lions
76%
To never appear in a Conference Championship Game Houston Texans
76%
To complete a perfect season, playoffs included Miami Dolphins
76%
To complete a perfect regular season but lose the Super Bowl New England Patriots
76%
To blow a 25-point lead in a Super Bowl Atlanta Falcons
72%
To play in four consecutive Super Bowls and lose all of them Buffalo Bills
68%
To never have a quarterback throw 4,000+ yards in a season Chicago Bears
68%
To relocate from Baltimore Indianapolis Colts
68%
That only displays their logo on one side of their helmets Pittsburgh Steelers
68%
To score over fifty points in a Super Bowl San Francisco 49ers
64%
That formerly used a racial slur as its name Washington Commanders
64%
To score exactly eight points in a Super Bowl Denver Broncos
56%
That is a publicly owned, nonprofit organization Green Bay Packers
56%
In the top ten highest all-time winning percentages, but zero Super Bowl wins Minnesota Vikings
56%
To exist for the AFL/NFL merger but only win their division twice since then New York Jets
56%
To lose 26 consecutive games Tampa Bay Buccaneers
56%
To win three AFL Championships Kansas City Chiefs
52%
Named in honor of a religious holiday New Orleans Saints
52%
To have played in both NFC and AFC Championship Games Seattle Seahawks
52%
That had a logo on their helmets before the 1950s Los Angeles Rams
48%
To have two players rush for 2,000 yards in different seasons Tennessee Titans
48%
Founded in the 19th century Arizona Cardinals
44%
To win the Super Bowl in four consecutive decades New York Giants
44%
To never have a top three overall draft pick Baltimore Ravens
36%
To defeat the Super Bowl champion in their first season as an expansion team Carolina Panthers
36%
With a name inspired by a kitchen stove Cincinnati Bengals
36%
To clinch a conference #1 seed within their first five seasons as an expansion team Jacksonville Jaguars
36%
To hire a Black head coach before the 1990s Las Vegas Raiders
36%
To go 20 consecutive seasons with a winning record Dallas Cowboys
32%
To make the playoffs after beginning the season 0-4 Los Angeles Chargers
32%
No matching quizzes found
Score Distribution
Percent of People with Each Score
Percentile by Number Answered
Your Score History
You have not taken this quiz